00600nam a2200181Ia 4500003000900000008004100009020001800050040001600068080002100084245009800105260003700203300001000240650004600250650004100296700003100337700002400368700002600392IN-BaIIA211028s9999 xx 000 0 eng d a0-8243-0924-3 cIIA Library a047.1:52bARA-24 0aAnnual Review of Astronomy and Astrophysicsbvol. 14cedited by Geoffrey R. Burbidge..[et.al] aCaliforniabAnnual Reviewsc1986 a627p. aAnnual Reviews-Astronomy and Astrophysics aAstronomy and Astrophysics Thesaurus aBurbidge, Geoffrey R., ed. aLayzer, David., ed. aPhilips, John G., ed.